Hayvanların en güzel tarihi (Record no. 12698)

MARC details
000 -BAŞLIK
Sabit Uzunlukta Kontrol Alanı 00972nam a22002777a 4500
999 ## - SİSTEM KONTROL NUMARALARI (KOHA)
Koha Biblionumber 12698
Koha Biblioitemnumber 12698
003 - KONTROL NUMARASI IDENTIFIER
Denetim Alanı TR-AnCHP
005 - SON İŞLEM TARİHİ VE ZAMANI
Denetim Alanı 20190206134010.0
008 - SABİT-BOY VERİ ELEMANLARI - GENEL BİLGİLER
Sabit Uzunlukta Kontrol Alanı 190206b tu ||||| |||| 00| 0 tur d
020 ## - ULUSLARARASI STANDART KİTAP NUMARASI
Uluslararası Standart Kitap Numarası 9754584125
040 ## - KATALOGLAMA KAYNAK
Orijinal Kataloglama Ajansı TR-AnCHP
Metne Dönüştürmek Ajansı TR-AnCHP
041 0# - DİL KODU
Metin / Ses Parça Veya Ayrı Başlığın Dil Kodu tur
082 04 - DEWEY ONLU SINIFLANDIRMA NUMARASI
Sınıflandırma Numarası 591.9
Ürün Numarası P51h 2012
100 ## - ANA GİRİŞ - KİŞİSEL İSİM
Kişisel Ad Picq, Pascal
245 00 - BAŞLIK TABLOSU
Başlık Hayvanların en güzel tarihi
Sorumluluk Tablosu, Vb Pascal Picq, Jean-Pierre Digard, Boris Cyrulnik, Karine Lou Matignon ; çeviren Bertan Onaran
260 ## - YAYIN, DAĞITIM, VB
Yayın, Dağıtım, Vb Yeri İstanbul:
Yayıncı, Dağıtıcı, Vs Adı Türkiye İş Bankası Kültür Yayınları,
Yayın, Dağıtım, Vb Tarihi 2012.
300 ## - FİZİKSEL TANIM
Kapsam 191 s.:
Boyutlar 19 sm.
490 0# - SERİSİ TABLOSU
Seri Beyanı Türkiye İş Bankası Kültür Yayınları
Hacim / Ardışık Tanımı genel yayın 649.
500 ## - GENEL NOT
Genel Not Özgün yapıt adı: La plus belle histoire des animaux
650 00 - KONU KATMA GİRİŞ - TOPİKAL DÖNEM
Topikal Süreli Veya Coğrafi Ad Giriş Elemanı Hayvanlar
9 (RLIN) 5133
Genel Alt Bölümü Tarih
700 02 - KATMA GİRİŞ - KİŞİSEL İSİM
Kişisel Ad Picq, Pascal G.
700 #2 - KATMA GİRİŞ - KİŞİSEL İSİM
Kişisel Ad Digard, Jean-Pierre
9 (RLIN) 5134
700 #2 - KATMA GİRİŞ - KİŞİSEL İSİM
Kişisel Ad Cyrulnik, Boris
9 (RLIN) 5135
700 #2 - KATMA GİRİŞ - KİŞİSEL İSİM
Kişisel Ad Matignon, Karine Lou
9 (RLIN) 5136
700 02 - KATMA GİRİŞ - KİŞİSEL İSİM
Kişisel Ad Onaran, Bertan
Bir Adıyla İlişkilendirilen Tarihler 1937-
Relator Terim çev.
942 ## - EKLENDİ GİRİŞ ELEMANLARI (KOHA)
Sınıflandırma Veya Raf Düzeni Kaynak Dewey Decimal Classification
Koha Öğesi Türü Books
Holdings
Kalıcı Konum Mevcut Konum Edinme Tarihi Toplam Check-Out'Lar Tam Çağrı Numarası Barkod Tarih Son Görülme İtibaren Geçerli Fiyatlar Sigara Kamu Notu Koha Öğesi Türü
CHP Kütüphanesi CHP Kütüphanesi 02/06/2019   591.9 P51h 2012 018807 02/06/2019 02/06/2019 Kemal Kılıçdaroğlu bağışıdır. Books